000 01171nam a22002657a 4500
005 20240305165526.0
007 cr|||| ||||
008 190726s2019 mx |||||s|||| 00||0 spa d
020 _a978-607-629-366-9
035 _a23802
040 _avLex
090 _c9072
_d9072
100 1 _aCampero Guerrero, Eladio
245 1 0 _aCapacitación fiscal para ejecutivos no fiscalistas
_h[Recurso electrónico] :
_cEladio Campero Guerrero, José Pérez Chávez, Raymundo Fol Olguín
256 _aServicio en línea
260 _aCiudad de México:
_bTax Editores,
_c2019
300 _a1 recurso electrónico
506 1 _aDisponible solo en los productos indicados
_dvLex Global
_dvLex Global (Academic Edition, excluding Law Schools)
_dvLex Global (U.S. Academic Edition, Law Schools)
_dvLex Global (U.S. Academic Edition, excluding Law Schools)
_dvLex Global (Academic Edition, Law Schools)
650 0 4 _aDerecho Tributario
_zMéxico
700 1 _aPérez Chávez, José
700 1 _aFol Olguín, Raymundo
740 0 _avLex Libros (Servicio en línea)
856 4 0 _uhttps://app.vlex.com/#/sources/capacitacion-fiscal-ejecutivos-fiscalistas-23802
942 _cRAA
999 _c167309
_d167309